Statistics for Name a City in EVERY Country - No Capitals

Click here to take the quiz!

General Stats

  • This quiz has been taken 23,181 times
  • The average score is 53 of 193

Answers on the Map

Answers color-coded by a green-red scale on the quiz's map according to % correct below.
Loading ...
 

Answer Stats

CountryCities% Correct
United StatesNew York City | Los Angeles | Chicago | Houston | Phoenix | Philadelphia | San Antonio | San Diego
96%
CanadaToronto | Montreal | Calgary | Edmonton | Mississauga | Winnipeg | Vancouver | Brampton
93%
AustraliaSydney | Melbourne | Brisbane | Perth | Adelaide | Gold Coast | Newcastle | Wollongong
91%
BrazilSao Paulo | Rio de Janeiro | Salvador | Fortaleza | Belo Horizonte | Manaus | Curitiba | Recife
90%
United KingdomBirmingham | Glasgow | Liverpool | Bristol | Manchester | Sheffield | Leeds | Edinburgh
89%
SpainBarcelona | Valencia | Sevilla | Zaragoza | Malaga | Murcia | Palma | Las Palmas
88%
FranceMarseille | Lyon | Toulouse | Nice | Nantes | Montpellier | Strasbourg | Bordeaux
86%
GermanyHamburg | Munich | Cologne | Frankfurt | Stuttgart | Dusseldorf | Leipzig | Dortmund
86%
Fiji
* by urban area
Lautoka | Nadi | Nausori | Labasa | Lami | Ba | Sigatoka | Savusavu
86%
RussiaSt. Petersburg | Novosibirsk | Yekaterinburg | Kazan | Nizhny Novgorod | Chelyabinsk | Samara | Omsk
86%
ItalyMilan | Naples | Turin | Palermo | Genoa | Bologna | Florence | Bari
86%
ChinaShanghai | Shenzhen | Guangzhou | Tianjin | Chengdu | Wuhan | Chongqing | Dongguan
84%
VenezuelaMaracaibo | Valencia | Barquisimeto | Ciudad Guayana | Maturin | Maracay | Barcelona | Petare
83%
IndiaMumbai | Bangalore | Hyderabad | Ahmedabad | Chennai | Kolkata | Surat | Pune
81%
JapanYokohama | Osaka | Nagoya | Sapporo | Fukuoka | Kobe | Kawasaki | Kyoto
79%
TurkeyIstanbul | Izmir | Bursa | Adana | Gaziantep | Konya | Antalya | Diyarbakir
78%
MontenegroNiksic | Pljevlja | Cetinje | Bar | Budva | Bjelo Polje | Berane | Herceg Novi
76%
SwitzerlandZurich | Geneva | Basel | Lausanne | Winterthur | Lucerne | St. Gallen | Lugano
73%
NetherlandsRotterdam | The Hague | Utrecht | Eindhoven | Groningen | Tilburg | Almere | Breda
72%
PortugalPorto | Vila Nova de Gaia | Amadora | Braga | Funchal | Coimbra | Setubal | Almada
70%
MexicoEcatepec | Puebla | Guadalajara | Ciudad Juarez | Tijuana | Leon | Zapopan | Monterrey
70%
New ZealandAuckland | Christchurch | Hamilton | Tauranga | Dunedin | Lower Hutt | Whangarei | Palmerston North
69%
EgyptAlexandria | Giza | Shubra el-Kheima | Port Said | Suez | El Mansoura | Mahalla el-Kubra | Tanta
68%
South Africa
* by urban area
Johannesburg | Durban | Port Elizabeth | Soshanguve | Evaton | Pietermaritzburg |
Vereeniging | Rustenburg
68%
PolandKrakow | Lodz | Wroclaw | Poznan | Gdansk | Szczecin | Bydgoszcz | Lublin
68%
UkraineKharkiv | Odessa | Dnipro | Donetsk | Zaporizhia | Lviv | Kryvyi Rih | Mykolaiv
67%
MoroccoCasablanca | Fez | Tangier | Marrakesh | Sale | Meknes | Oujda | Kentira
67%
LiechtensteinSchaan | Triesen | Balzers | Eschen | Mauren | Triesenberg | Ruggell | Gamprin
66%
IrelandCork | Galway | Limerick | Waterford | Dundalk | Drogheda | Navan | Bray
65%
BelgiumAntwerp | Ghent | Charleroi | Liege | Schaerbeek | Anderlecht | Bruges | Namur
64%
SwedenGothenburg | Malmo | Uppsala | Linkoping | Orebro | Vasteras | Helsingborg | Norrkoping
63%
United Arab EmiratesDubai | Sharjah | Al Ain | Ajman | Ras-al-Khaimah | Fujairah | Khor Fakkan | Kalba
62%
Saudi ArabiaJeddah | Mecca | Medina | Dammam | Hofuf | Ta'if | Tabouk | Buraidah
61%
Ivory CoastAbidjan | Bouake | Daloa | Korhogo | San-Pedro | Gagnoa | Man | Divo
61%
Israel
(including Palestine)
Tel-Aviv | Gaza | Haifa | Khan Yunis | Rishon LeZion | Petah Tikva | Jabalia | Rafah
60%
VietnamHo Chi Minh City | Da Nang | Haiphong | Bien Hoa | Can Tho | Tuan An | Di An | Hue
59%
NigeriaLagos | Kano | Ibadan | Kaduna | Benin City | Port Harcourt | Maiduguri | Zaria
58%
AustriaGraz | Linz | Salzburg | Innsbruck | Klagenfurt | Villach | Wels | Sankt Polten
57%
PakistanKarachi | Lahore | Faisalabad | Rawalpindi | Gujranwala | Peshawar | Multan | Hyderabad
57%
ColombiaMedellin | Cali | Barranquilla | Cartagena | Soacha | Cucuta | Soledad | Bucaramanga
53%
GreeceThessaloniki | Patras | Pireus | Larissa | Heraklion | Pesisteri | Acharnes
52%
NorwayBergen | Trondheim | Stavanger | Bærum | Kristiansand | Drammen | Asker | Lillestrom
51%
South KoreaBusan | Incheon | Daegu | Daejeon | Gwangju | Suwon | Ulsan | Goyang
51%
CroatiaSplit | Rijeka | Osijek | Zadar | Pula | Sesvete | Slavonski Brod | Karlovac
44%
TanzaniaDar es Salaam | Mwanza | Zanzibar | Arusha | Mbeya | Morogoro | Tanga | Kigoma
42%
SyriaAleppo | Homs | Latakia | Hama | Ar-Rakka | Deir ez-Zor | Al-Hasakah | Qamishli
41%
DenmarkAarhus | Odense | Aalborg | Esbjerg | Randers | Kolding | Horsens | Vejle
41%
Czech RepublicBrno | Ostrava | Plzen | Liberec | Olomouc | Budweis | Hradec Kralove | Usti nad Labem
39%
ArgentinaCordoba | Rosario | La Plata | Mar del Plata | Tucuman | Salta | Santa Fe | Vicente Lopez
39%
Sierra LeoneKenema | Bo | Koidu | Makeni | Waterloo | Port Loko | Magburaka | Goderich
37%
FinlandEspoo | Tampere | Vantaa | Oulu | Turku | Jyvaskyla | Lahti | Kuopio
37%
TogoSokode | Kara | Kpalime | Atakpame | Bassar | Tsevie | Aneho | Mango
37%
KazakhstanAlmaty | Shymkent | Aqtobe | Qaragandy | Taraz | Pavlodar | Oskemen | Semey
37%
IraqMosul | Basra | Kirkuk | Erbil | Najaf | Karbala | Sulaymaniyah | Nasiriyah
36%
Sri LankaColombo | Kaduwela | Maharagama | Kesbewa | Dehiwala-Mount Levina |
Moratuwa | Negombo | Kalmunai
36%
MyanmarYangon | Mandalay | Taunggyi | Bago | Mawlamyine | Myitkyina | Monywa | Lashio
35%
Dominican RepublicSantiago | Los Alzarrizos | La Romana | San Pedro | Higuey |
San Cristobal | San Francisco | Puerto Plata
35%
CubaSantiago de Cuba | Camaguey | Holguin | Santa Clara | Guantanamo | Las Tunas | Bayamo | Cienfuegos
34%
RomaniaCluj-Napoca | Timisoara | Iasi | Constanta | Craiova | Brasov | Galati | Ploiesti
32%
IranMashhad | Isfahan | Karaj | Shiraz | Tabriz | Qom | Ahvaz | Kermanshah
32%
PeruArequipa | Trujillo | Chiclayo | Piura | Cusco | Huancayo | Iquitos | Chimbote
31%
PhilippinesQuezon City | Davao | Caloocan | Cebu | Zamboanga | Taguig | Antipolo | Pasig
30%
BelizeBelize City | San Ignacio | San Pedro | Orange Walk | Corozal | Dangriga | Benque | Punta Gorda
30%
EcuadorGuayaquil | Cuenca | Santo Domingo | Machala | Duran | Manta | Portoviejo | Loja
30%
IndonesiaSurabaya | Bandung | Bekasi | Medan | Tangerang | Depok | Semarang | Palembang
29%
KenyaMombasa | Nakuru | Ruiru | Eldoret | Kisumu | Kikuyu | Thika | Naivasha
29%
BulgariaPlovdiv | Varna | Burgas | Ruse | Stara Zagora | Pleven | Sliven | Dobric
29%
LibyaBenghazi | Misrata | Zawiya | Sebha | Al-Bayda | Ajdabiya | Tobruk | Derna
28%
AfghanistanHerat | Kandahar | Mazar-i-Sharif | Jalalabad | Kunduz | Pul-e Khumri | Maymana | Sheberghan
28%
SerbiaNovi Sad | Nis | Kragujevac | Subotica | Zrenjanin | Pancevo | Cacak | Novi Pazar
27%
BangladeshChittagong | Narayanganj | Khulna | Sylhet | Tongi | Rajshahi | Bogra | Barisal
26%
BelarusGomel | Vitsebsk | Mahilou | Hrodna | Brest | Babrujsk | Baranavicy | Barysaw
26%
AlgeriaOran | Constantine | Annaba | Blida | Batna | Djelfa | Setif | Sidi bel Abbes
25%
MalaysiaSeberang Perai | George Town | Ipoh | Petaling Jaya | Shah Alam | Iskandar Puteri | Johor Bahru
25%
LithuaniaKaunas | Klaipeda | Siauliai | Penevezys | Alytus | Marijampole | Mazeikai | Jonava
24%
ChilePuente Alto | Maipu | La Florida | Vina del Mar | Antofagasta | Valparaiso | Las Condes | San Bernardino
23%
LebanonTripoli | Sidon | Tyre | Nabatieh | Habbouch | Jounieh | Zahle | Ghazieh
23%
HungaryDebrecen | Szeged | Miskolc | Pecs | Gyor | Nyiregyhaza | Kecskemet | Szekesfehervar
23%
St. Vincent and the GrenadinesGeorgetown | Byera Village | Biabou | Borrouallie | Port Elizabeth | Chateaubelair | Dovers | Layou
22%
GuatemalaMixco | Villa Nueva | Coban | Quetzaltenango | Jalapa | Escuintla | San Juan Sacatepequez | Jutiapa
22%
BoliviaSanta Cruz | El Alto | Cochabamba | Oruro | Tarija | Potosi | Sacaba | Quillacollo
22%
Bosnia & HerzegovinaBanja Luka | Tuzla | Zenica | Mostar | Bijeljina | Brcko | Bihac | Prijedor
21%
Trinidad and TobagoChaguanas | San Fernando | Arima | Sangre Grand | Point Fortin | Morvant | Tunapuna | San Juan
21%
YemenAden | Ta'izz | Al-Hudaydah | Ibb | Mukkala | Dhamar | Amran | Bajil
20%
SlovakiaKosice | Presov | Zillina | Banska Bystrica | Nitra | Trnava | Trencin | Martin
20%
MoldovaTiraspol | Balti | Tighina | Ribnita | Ungheni | Cahul | Dubasari | Soroca
19%
ThailandNonthaburi | Pak Kret | Hat Yai | Chaophraya Surasak | Surat Thani | Udon Thani |
Chiang Mai | Nakhon Ratchasima
19%
OmanSeeb | Bawshar | Salalah | Matrah | Sohar | Amarat | Al-Buraymi | Sur | Ja'alan Bani Bu Ali
19%
CyprusLimassol | Strovolos | Larnaca | Lakatameia | Paphos | Kato Polemidia | Aglantzia | Aradippou
19%
SloveniaMaribor | Kranj | Celje | Koper | Velenje | Novo Mesto | Ptuj | Kamnik
19%
AlbaniaDurres | Vlore | Elbasan | Shkoder | Fier | Korce | Berat | Lushnje
18%
EstoniaTartu | Narva | Parnu | Kohtla-Jarve | Vilijandi | Maardu | Rakvere | Kuressaare
18%
MaltaSt. Paul's Bay | Birkirkara | Sliema | Mosta | Qormi | Zabbar | Naxxar | San Gwann
17%
TunisiaSfax | Sousse | Ettadhamen | Kairouan | Bizerte | Gabes | La Soukra | Ariana
17%
IcelandKeflavik | Akureyri | Selfoss | Akranes | Vestmannaeyjar | Grindavik | Hverageroi | Isafjordur
16%
CameroonDouala | Bamenda | Bafoussam | Garoua | Maroua | Ngaoundere | Kumba | Nkongsamba
16%
UzbekistanNamangan | Samarkand | Andijan | Nukus | Fergana | Bukhara | Karshi | Kokand
16%
TaiwanNew Taipei City | Taichung | Kaohsiung | Taoyuan | Tainan | Hsinchu | Keelung | Chiayi City
16%
El SalvadorSoyapango | Santa Ana | San Miguel | Apopa | Tonacatepeque | Ilopango | Colon | Mejicanos
15%
LatviaDaugavpils | Liepaja | Jelgava | Jurmala | Ventspils | Rezekne | Ogre | Valmiera
15%
GrenadaGouyave | Grenville | Victoria | Saint David's | Sauteurs | Hillsborough
15%
SudanOmdurman | Khartoum North | Nyala | Port Sudan | El Obeid | Kassala | Medani | Gedaref
15%
BahamasFreeport | West End | Coopers Town | Marsh Harbor | Freetown |
High Rock | Andros Town | Clarence Town
14%
D.R. CongoLubumbashi | Mbuji-Mayi | Kananga | Kisangani | Bukavu | Kolwezi | Likasi | Tshikapa
14%
BurundiBujumbura | Ngozi | Rumonge | Cibitoke | Kayanza | Bubanza | Gatumba | Karuzi
14%
JamaicaPortmore | Spanish Town | Montego Bay | May Pen | Mandeville |
Old Harbour | Savanna-la-Mar | Ocho Rios
14%
CambodiaSiem Reap | Battambang | Poipet | Sihanoukville | Sisophon | Ta Khmau |
Kampong Cham | Kampong Speau
13%
GeorgiaBatumi | Kutaisi | Rustavi | Aqwa | Gori | Zugdidi | Poti | Tskhinvali
13%
North MacedoniaKumanovo | Bitola | Prilep | Tetovo | Stip | Veles | Ohrid | Strumica
12%
HondurasSan Pedro Sula | Choloma | La Ceiba | El Progreso | Comayagua | Choluteca | Villanueva | Danli
12%
NicaraguaLeon | Tipitapa | Masaya | Ciudad Sandino | Chinandega | Esteli | Matagalpa | Granada
12%
BeninCotonou | Parakou | Godomey | Abomey-Calavi | Djougou | Bohicon | Ekpe | Abomey
12%
LuxembourgEsch-sur-Alzette | Differdange | Dudelange | Petange | Sanem | Hesperange | Bettembourg | Schifflange
12%
Cape VerdeMindelo | Espargos | Assomada | Porto Novo | Pedra Badejo | Sao Filipe | Santa Maria | Tarrafal
12%
GhanaKumasi | Tamale | Takoradi | Sekondi | Ashaiman | Cape Coast | Obuasi | Tema
11%
BhutanPhuntsholing | Tshongdue | Gelaphu | Samdrup Jongkhar | Wangdue | Punakha | Jakar | Nganglam
11%
KyrgyzstanOsh | Jalal-Abad | Karakol | Tokmok | Uzgen | Balykchy | Kara-Balta | Kyzyl-Kiya
11%
AngolaLubango | Huambo | Benguela | Cabinda | Malanje | Saurimo | Lobito | Kuito
11%
SenegalTouba | Thies | Kaolack | M'Bour | Rufisque | Saint Louis | Ziguinchor | Diourbel
11%
NamibiaRundu | Walvis Bay | Swakopmund | Oshakati | Rehoboth | Katima Mulilo | Otjiwarongo | Ondangwa
10%
TurkmenistanTurkmenabat | Dazoguz | Mary | Balkanabat | Turkmenbasy | Bayramaly | Tejen | Serdar
10%
UruguaySalto | Ciudad de la Costa | Paysandu | Las Piedras | Rivera | Maldonado | Tacuarembo | Melo
9%
North KoreaHamhung | Chongjin | Sinuiju | Wonsan | Nampo | Sariwon | Kaechon | Kanggye
9%
SomaliaHargeisa | Burco | Baydhabo | Beledweyne | Borama | Marka | Kismayo | Bosaso
9%
ZimbabweBulawayo | Chitungwizo | Mutare | Epworth | Gweru | Kwekwe | Kadoma | Masvingo
9%
Guinea-BissauGabu | Bafata | Canchungo | Bissora | Bula | Farim | Mansoa | Ingore
9%
AzerbaijanGanja | Sumqayit | Mingechevir | Khirdalan | Garachukur | Shirvan | Nakchivan | Bakikhanov
9%
Costa Rica
* by urban area
Heredia | Cartago | Alajuela | Puntarenas | San Isidro | Limon | San Rafael
9%
KosovoPrizren | Gjilan | Peje | Mitrovice | Ferizaj | Gjakove | Vushtrri | Podujeve
9%
LaosSavannakhet | Pakxe | Luangprabang | Phonsavan | Thakhek | Oudomxay | Phiang | Xayabury
9%
AndorraEscaldes | Sant Julia | Encamp | La Massana | Santa Coloma | Ordino | Canillo | El Pas de la Casa
9%
MozambiqueMatola | Nampula | Beira | Chimoio | Quelimane | Tete | Nacala | Lichinga
8%
St. Kitts and NevisFig Tree | Market Shop | Saint Paul's | Middle Island | Nicola | Trinity | Charlestown | Cayon
8%
EthiopiaAdama | Gondar | Mek'ele | Hawassa | Dire Dawa | Bahir Dar | Dessie | Jimma
8%
Equatorial GuineaBata | Ebebiyin | Luba | Aconibe | Evinayong | Anisok | Monogomo | Rebola
8%
MalawiBlantyre | Mzuzu | Zomba | Karonga | Kasungu | Mangochi | Salima | Liwonde
8%
ZambiaKitwe | Ndola | Chingola | Kabwe | Mufulira | Livingstone | Luanshya | Chipata
8%
Rep. of CongoPointe-Noire | Loubomo | Nkayi | Impfondo | Ouesso | Madingou | Owando | Sibiti
8%
MaliSikasso | Koutiala | Segou | Kayes | Mopti | Kalabankoro | Gao | Kati
8%
BahrainMuharraq | Riffa | Hamad Town | A'ali | Isa Town | Sitra | Budaiya | Jidhafs
8%
MongoliaErdenet | Darkhan | Choibalsan | Moron | Nalaikh | Olgii | Arvaikheer | Bayankhongor
8%
ParaguayCiudad del Este | Luque | San Lorenzo | Capiata | Lambare | Fernando de la Mora | Limpio | Nemby
8%
Papua New GuineaLae | Wewak | Medang | Mount Hagen | Kimbe | Goroka | Daru | Vanimo
8%
PanamaSan Miguelito | Las Cumbres | La Chorrera | Tocumen | Pacora | Arraijan | David | Vista Alegre
8%
ArmeniaGyumri | Vanadzor | Vagharshapat | Abovyan | Kapan | Hrazdan | Armavir | Masis
7%
SurinameLelydorp | Nieuw Nickerie | Moengo | Nieuw Amsterdam | Marienburg | Wageningen | Albina | Groningen
7%
F.S. MicronesiaWeno | Nett | Kitti | Kolonia | Madolenihmw | Tol | Dublon | Fefen
7%
NepalPokhara | Lalitpur | Biratnagar | Bharatpur | Birgunj | Butwal | Dharan | Mahendranagar
7%
HaitiCarrefour | Delmas | Petionville | Cite Soleil | Gonaives | Cap-Haitien | Saint-Marc | Port-de-Paix
7%
JordanZarqa | Irbid | Russeifa | Quwaysimah | Khilda | Wadi Essier | Jubeiha | Kherbet al-Souk
7%
BotswanaFrancistown | Molepolole | Maun | Mogoditshane | Serowe | Selebi-Phikwe | Kanye | Mochudi
7%
NigerMaradi | Zinder | Tahoua | Agadez | Arlit | Birni N'Konni | Dosso | Gaya
7%
Antigua and BarbudaAll Saints | Liberta | Potters Village | Bolans | Swetes | Seaview Farm | Parham | Piggots
6%
PalauKoror | Koror Town | Kloulklubed | Ulimang | Mengellang | Angaur | Ngchesar | Melekeok
6%
San MarinoSerravalle | Borgo Maggiore | Domagnano | Fiorentino | Acquaviva | Faetano |
Chiesanuova | Montegiardino
6%
MauritaniaNouadhibou | Kiffa | Mbera | Kaedi | Zouerate | Rosso | Selibabi | Atar
6%
Burkina FasoBobo-Dioulasso | Koudougou | Banfora | Ouahigouya | Pouytenga | Kaya | Fada Ngourma | Tenkodogo
6%
ChadMoundou | Abeche | Sarh | Kelo | Am Timan | Doba | Pala | Bongor
6%
GabonPort-Gentil | Franceville | Owendo | Oyem | Moanda | Ntoum | Lambarene | Mouila
6%
KuwaitHawalli | Al-Farwaniyah | Al-Fintas | Al-Jahra | Al-Manqaf | Al Firdaws | Mubarak al-Kabir | Sulaybiyah
5%
EritreaKeren | Teseney | Mendefera | Agordat | Assab | Massawa | Adi Quala | Senafe
5%
UgandaNansana | Kira | Ssabagabo | Kyengera | Mbarara | Kasangati | Mukono | Njeru
5%
C. African RepublicBimbo | Berberati | Carnot | Bambari | Bouar | Bossangoa | Bria | Bangassou
5%
QatarAr-Rayyan | Al-Wukair | Al-Shahaniya | Al-Thakhira | Al-Khor | Umm Salal Mohammad |
Al-Wakrah | Al-Daayen
5%
TajikistanKhujand | Bokhtar | Kulob | Istaravshan | Tursunzoda | Konibodom | Isfara | Panjakent
5%
MadagascarToamasina | Antsirabe | Mahajanga | Fianarantsoa | Toliara | Antsiranana | Andoany | Sambava
5%
DominicaPortsmouth | Canefield | Marigot | Salisbury | Berricoa | Mahaut | Saint Joseph | Point Michel
5%
South SudanWau | Malakal | Yambio | Yei | Renk | Aweil | Maridi | Bentiu
5%
LiberiaGbarnga | Buchanan | Ganta | Kakata | Zwerdu | Harbel | Harper | Pleedo
5%
São Tomé and PríncipeNeves | Santana | Trinidade | Almas | Pantufo | Guadalupe | Bombom | Santo Antonio
5%
GuyanaLinden | Golden Grove | Lusignan | Paradise | New Amsterdam | Better Hope | Tuchen | Vreed en Hoop
5%
GuineaNzerekore | Kankan | Maneah | Dubreka | Kindia | Siguiri | Kissidougou | Labe
5%
EswatiniManzini | Big Bend | Mhlume | Malkerns | Nhlangano | Simunye | Piggs Peak | Siteki
4%
BarbadosSpeightstown | Oistins | Bathsheba | Holetown | The Crane | Crabhill | Greenland | Blackmans
4%
BruneiKuala Belait | Sengkurong | Lumut | Seria | Tutong | Jerudong | Mentiri | Muara
4%
RwandaGisenyi | Ruhengeri | Butare | Gitarama | Byumba | Cyangugu | Nyanza | Bugarama
4%
KiribatiBetio | Bikenibeu | Teaoraereke | Bairiki | Eita | Bonriki | Temaiku | Tabwakea
4%
ComorosMutsamudu | Fomboni | Domoni | Ouani | Mirontsi | Tsimbeo | Sima | Iconi
4%
Solomon IslandsMalango | Auki | Gizo | Buala | Tulagi | Kirakira | Lata
4%
GambiaBrikama | Bundung | Sukuta | Talinding | Faji Kunda | Nema Kunku | Farafenni | Bakau
4%
MauritiusVacoas-Phoenix | Beau-Bassin-Rose Hill | Curepipe | Quatre Bornes |
Triolet | Goodlands | Bel Air | Bambous
4%
DjiboutiAli Sabieh | Dikhil | Tadjoura | Arta | Obock | Ali Adde | Holhol | Airolaf
4%
NauruArijejen | Denigomudu | Menen | Boe | Baitsi | Nibok | Anabar | Uaboe
4%
East TimorBaucau | Maliana | Lospalos | Pante Macassar | Suai | Ermera | Same | Viqueque
4%
Saint LuciaBisee | Vieux Fort | Micoud | Soufriere | Dennery | Gros Islet | Praslin | Canaries
4%
VanuatuLuganville | Norsup | Port-Olry | Isangel | Sola | Lakatoro
3%
SamoaVaitele | Faleasiu | Le'auva'a | Vailele | Siusega | Fale'ula | Vaiusu | Malie
3%
Marshall IslandsEbeye | Darrit | Delap | Rairok | Laura | Uliga | Ajeltake | Enubirr
3%
MaldivesHulhumale | Hithadhoo | Fuvahmulah | Kulhuduffushii | Villingili | Thinadoo | Naifaru | Feydhoo
3%
TuvaluSenala | Fakaifou | Alapi | Tekavatoetoe | Vaiaku | Lofeagi | Teone | Motufoua
3%
TongaNeiafu | Tofoa-Koloua | Havelu | Vaini | Ha'ateiho | Houma | Pea | Nukunuku
3%
SeychellesAnse Boileau | Bel Ombre | Beau Vallon | Cascade | Anse Royale | Takamaka | Port Glaud | Anse Lazio
3%
LesothoMaputsoe | Mohale's Hoek | Mafeteng | Hlotse | Butha-Buthe | Quthing | Teyateyaneng | Qacha's Nek
3%

Score Distribution

Percentile by Number Answered

Percent of People with Each Score

Your Score History

You have not taken this quiz